| 000 | 00715nam a2200205Ia 4500 | ||
|---|---|---|---|
| 003 | GCL | ||
| 008 | 140319s9999 xx 000 0 ara d | ||
| 020 | _a5765701977 | ||
| 040 |
_aGCL / _cGCL |
||
| 082 | 0 | 4 |
_a812 _bس ق |
| 100 | 1 | _aسامح عبدالرؤوف على | |
| 245 | 1 | 0 |
_aقبل صدور الحكم / _cسامح عبدالرؤوف على |
| 260 |
_aالقاهرة : _bالهيئة المصرية العامة للكتاب ، _c2000 |
||
| 300 |
_a152 ص ؛ _c20 سم |
||
| 490 |
_aمسابقة تيمور للابداع المسرحى _v0 |
||
| 650 | 0 | 4 | _aالمسرحيات |
| 650 | 0 | 4 | _aالمسرحيات العربية - مصر |
| 650 | 0 | 4 | _aالمسرحيات - مسابقات |
| 942 |
_2ddc _cBK |
||
| 999 |
_c6771 _d6771 |
||